ბათუმის შოთა რუსთაველის სახელმწიფო უნივერსიტეტის ბიბლიოთეკა

ღმერთები,აკლდამები და მეცნიერები: რომანი არქეოლოგიაზე (ბიბ.ჩანაწერი № 51616)

000 -LEADER
fixed length control field 01015nam a2200253Ia 4500
001 - CONTROL NUMBER
control field 18607
003 - CONTROL NUMBER IDENTIFIER
control field GE_BSU
008 - FIXED-LENGTH DATA ELEMENTS--GENERAL INFORMATION
fixed length control field 181216s||||||||xx |||||||||||||| ||und||
040 ## - CATALOGING SOURCE
Transcribing agency GE_BSU
080 ## - UNIVERSAL DECIMAL CLASSIFICATION NUMBER
Universal Decimal Classification number 902.6
100 ## - MAIN ENTRY--PERSONAL NAME
Personal name კერამი,კ,
245 ## - TITLE STATEMENT
Title ღმერთები,აკლდამები და მეცნიერები: რომანი არქეოლოგიაზე
245 ## - TITLE STATEMENT
Remainder of title რომანი
245 ## - TITLE STATEMENT
Statement of responsibility, etc. თარგმნა ლაშა ჯანაშიამ. წინასიტყვ. ავტ. გ. მელიქიშვილი
260 ## - PUBLICATION, DISTRIBUTION, ETC.
Place of publication, distribution, etc. თბილისი
260 ## - PUBLICATION, DISTRIBUTION, ETC.
Name of publisher, distributor, etc. ნაკადული
260 ## - PUBLICATION, DISTRIBUTION, ETC.
Date of publication, distribution, etc. 1972
300 ## - PHYSICAL DESCRIPTION
Extent 391გვ.ილ.22სმ.
520 ## - SUMMARY, ETC.
Summary, etc. ქსეროქსი
653 ## - INDEX TERM--UNCONTROLLED
Uncontrolled term ქსეროქსი
653 ## - INDEX TERM--UNCONTROLLED
Uncontrolled term ღმერთები,აკლდამები და მეცნიერები: რომანი არქეოლოგიაზე
942 ## - ADDED ENTRY ELEMENTS (KOHA)
Koha item type წიგნი
ეგზემპლარები
Withdrawn status Lost status Damaged status Not for loan Date acquired Barcode Date last seen Price effective from Koha item type Public note
        2018-12-17 00350 ქსეროქსი 2018-12-17 2018-12-17 წიგნი ქსეროქსი
        2018-12-17 00360 ქსეროქსი 2018-12-17 2018-12-17 წიგნი ქსეროქსი